Amerykańskie zespoły - Nagła śmierć - Statystyki

Ogólne statystyki
  • Ten quiz został rozwiązany 121 razy
  • Średni wynik to 6 z 31
Answers on the Grid
Answers color-coded by a green-red scale on the quiz's grid according to % correct below.
AC/DC
Aerosmith
Alice Cooper
Alice In Chains
Arctic Monkeys
Black Sabbath
Blondie
Bon Jovi
Boston
Coldplay
Def Leppard
Eagles
Foo Fighters
Green Day
Guns N' Roses
Imagine Dragons
Iron Maiden
Jefferson Airplane
Journey
Judas Priest
Kiss
Linkin Park
Lynyrd Skynyrd
Maroon 5
Metallica
Motley Crue
Motorhead
Nirvana
Pearl Jam
Pixies
Queen
R.E.M.
Radiohead
Ramones
Scorpions
Soundgarden
Talking Heads
The Beach Boys
The Beatles
The Byrds
The Doors
The Strokes
Thin Lizzy
U2
ZZ Top
 
Statystyki odpowiedzi
Odpowiedź % Poprawnych
Aerosmith
47%
Bon Jovi
44%
Guns N' Roses
38%
Nirvana
35%
Alice In Chains
32%
Eagles
32%
Linkin Park
29%
Metallica
29%
The Doors
29%
Alice Cooper
26%
Green Day
26%
Kiss
24%
Motley Crue
24%
Pearl Jam
24%
Blondie
21%
Foo Fighters
21%
Imagine Dragons
21%
Boston
18%
Soundgarden
18%
Lynyrd Skynyrd
15%
The Beach Boys
15%
R.E.M.
12%
Talking Heads
12%
ZZ Top
12%
Jefferson Airplane
9%
Maroon 5
9%
Journey
6%
Pixies
6%
Ramones
6%
The Byrds
3%
The Strokes
3%
Nie znaleziono quizów pasujących do podanych kryteriów
Rozkład punktacji
Procent ludzi z każdym wynikiem
Percentyl według liczby udzielonych odpowiedzi
Twoja historia wyników
Nie rozwiązałeś tego quizu